[Event "Lippe Cup 06th"]
[Site "Lieme"]
[Date "2009.10.18"]
[Round "4"]
[White "Stapperfenne, Till Manfred"]
[Black "Kienel, Norbert"]
[Result "1/2-1/2"]
[WhiteElo "1481"]
[BlackElo "1656"]
[PlyCount "84"]
[EventDate "2009.10.16"]
[EventType "swiss"]
[EventRounds "5"]
[EventCountry "GER"]
[SourceTitle "EXT 2012"]
[Source "ChessBase"]
[SourceDate "2011.11.24"]
[SourceVersion "1"]
[SourceVersionDate "2011.11.24"]
[SourceQuality "1"]

1. d4 Nf6 2. Nf3 e6 3. e3 d5 4. Bd3 c5 5. c3 Nc6 6. Nbd2 Bd6 7. 0-0 0-0 8. Qe2 e5 9. dxc5 Bxc5 10. e4 Bg4 11. exd5 Nxd5 12. Ne4 Be7 13. Bc2 Qc7 14. h3 Bh5 15. Ng3 Bxf3 16. Qxf3 Nb6 17. Qe4 g6 18. Bh6 Rfe8 19. Qf3 Bf8 20. Bg5 Nd4 21. cxd4 Qxc2 22. dxe5 Rxe5 23. Bf6 Re6 24. Rfc1 Qa4 25. Bc3 Bh6 26. Re1 Qc6 27. Qxc6 Rxc6 28. Re2 Rac8 29. Rae1 f5 30. Bd4 a6 31. Re8+ Rxe8 32. Rxe8+ Kf7 33. Re1 Nc4 34. b3 Na3 35. Bb2 Nb5 36. Re2 Re6 37. Rxe6 Kxe6 38. Kf1 Nd6 39. Ke2 b5 40. Kd3 Kd5 41. f3 Bf4 42. Ne2 Bh6 1/2-1/2